000 00493nam a2200157Ia 4500
999 _c35096
_d35096
003 OSt
005 20201215093417.0
008 190216s9999||||xx |||||||||||||| ||und||
040 _coclc
082 _a880.900103
_bHAR/T
100 _aHarvey, Paul
_96905
245 4 _aThe Oxford Companion To English Literature /
_cPaul Harvey
260 _bOxford At The Clarendon Press,
_aNew York:
_c1958:
300 _a465p
942 _cREF
_2ddc
_h880.900103
_iHAR/T
_k880.900103
_mHAR/T